Bhopal : Learing Through Heritage (Record no. 18197)

MARC details
000 -LEADER
fixed length control field 00463nam a2200157Ia 4500
008 - FIXED-LENGTH DATA ELEMENTS--GENERAL INFORMATION
fixed length control field 220803s9999 xx 000 0 und d
020 ## - INTERNATIONAL STANDARD BOOK NUMBER
International Standard Book Number 978-93-80942-75-9
041 ## - LANGUAGE CODE
Language code of text/sound track or separate title eng
082 ## - DEWEY DECIMAL CLASSIFICATION NUMBER
Classification number 720.954 KAM/AYU
100 ## - MAIN ENTRY--PERSONAL NAME
Personal name Kamaal N Ed.
9 (RLIN) 28881
245 ## - TITLE STATEMENT
Title Bhopal : Learing Through Heritage
260 ## - PUBLICATION, DISTRIBUTION, ETC. (IMPRINT)
Place of publication, distribution, etc. Ahmedabad
Name of publisher, distributor, etc. Bennett Coleman And Co Ltd
Date of publication, distribution, etc. 2011
300 ## - PHYSICAL DESCRIPTION
Extent 74p
650 ## - SUBJECT ADDED ENTRY--TOPICAL TERM
Topical term or geographic name as entry element Architectural History
9 (RLIN) 28882
700 ## - ADDED ENTRY--PERSONAL NAME
Personal name Ayub J Ed. John P Ed. Kamaal N Ed.
9 (RLIN) 28883
Holdings
Withdrawn status Lost status Damaged status Not for loan Home library Current library Shelving location Date acquired Vendor Total Checkouts Full call number Barcode Date last seen Bill Date Koha item type Original Barcode
        Dr. Bhanuben Nanavati College of Architecture Dr. Bhanuben Nanavati College of Architecture   30/03/2012 Cross Word   720.954 KAM/AYU BNCA-DB-748 03/08/2022 03/08/2022 Donated Book DB000748